[Event "SVK-chT1E 2223"]
[Site "Slovakia"]
[Date "2023.03.12"]
[Round "11.2"]
[White "Kleman, Miroslav"]
[Black "Krnan, Tomas"]
[Result "0-1"]
[WhiteElo "2206"]
[BlackElo "2418"]
[PlyCount "80"]
[EventDate "2022.10.15"]
[EventType "team-tourn"]
[EventRounds "11"]
[EventCountry "SVK"]
[SourceTitle "EXT 2024"]
[Source "ChessBase"]
[SourceDate "2023.10.10"]
[SourceVersion "1"]
[SourceVersionDate "2023.10.10"]
[SourceQuality "1"]
[WhiteTeam "Dunajov Martin"]
[BlackTeam "Banska Bystrica Junior"]
[WhiteTeamCountry "SVK"]
[BlackTeamCountry "SVK"]

1. e4 e5 2. f4 exf4 3. Nf3 Nf6 4. e5 Nh5 5. d4 d6 6. Bc4 g6 7. Qe2 d5 8. Bb3 Bh6 9. c4 dxc4 10. Qxc4 0-0 11. Nc3 Nc6 12. 0-0 Na5 13. Qb4 Nxb3 14. Qxb3 g5 15. d5 g4 16. Nd4 Bg7 17. Nde2 f3 18. gxf3 Bxe5 19. f4 Bg7 20. Be3 Re8 21. Bd4 Bxd4+ 22. Nxd4 Qf6 23. Nde2 Re3 24. Qc4 Bf5 25. Qd4 Rae8 26. Qxf6 Nxf6 27. Ng3 Bd3 28. Rfd1 h5 29. Nf1 Rf3 30. Rd2 h4 31. Rad1 Ba6 32. Rf2 Rxf2 33. Kxf2 Ne4+ 34. Nxe4 Rxe4 35. Ne3 Rxf4+ 36. Ke1 g3 37. hxg3 hxg3 38. Kd2 Rd4+ 39. Ke1 Rxd1+ 40. Nxd1 f5 0-1

[Event "SVK-chT2B 2223"]
[Site "Slovakia"]
[Date "2023.01.15"]
[Round "7.1"]
[White "Kleman, Miroslav"]
[Black "Kalisky, Vladimir"]
[Result "0-1"]
[WhiteElo "2206"]
[BlackElo "2148"]
[PlyCount "126"]
[EventDate "2022.10.08"]
[EventType "team-tourn"]
[EventRounds "11"]
[EventCountry "SVK"]
[SourceTitle "EXT 2024"]
[Source "ChessBase"]
[SourceDate "2023.10.10"]
[SourceVersion "1"]
[SourceVersionDate "2023.10.10"]
[SourceQuality "1"]
[WhiteTeam "Topolcany II"]
[BlackTeam "Tlmace"]
[WhiteTeamCountry "SVK"]
[BlackTeamCountry "SVK"]

1. e4 e5 2. Bc4 Bc5 3. Nc3 d6 4. f4 Bxg1 5. Rxg1 Qh4+ 6. Kf1 Nf6 7. g3 Qh3+ 8. Rg2 Bg4 9. Be2 Nc6 10. Bxg4 Nxg4 11. Nd5 0-0-0 12. Kg1 h5 13. Ne3 exf4 14. gxf4 Nd4 15. Nf1 Nf3+ 16. Kh1 d5 17. e5 d4 18. Qe2 d3 19. cxd3 Nd4 20. Qd1 Qxd3 21. a4 Qe4 22. Kg1 Nf3+ 23. Kh1 Nh4 24. Qe2 Rd4 25. h3 Nxg2 26. Qxe4 Rxe4 27. Kxg2 Re2+ 28. Kg3 Re1 29. Kg2 Re2+ 30. Kg3 Nh2 31. Nxh2 h4+ 32. Kg4 Rg2+ 33. Kf5 Rh5+ 34. Ke4 Rxh2 35. Ra3 Rh6 36. d4 Rc6 37. Be3 Rxh3 38. f5 Kd7 39. Rd3 Rc2 40. b3 Re2 41. d5 Ke8 42. Rc3 g5 43. Kd4 Rg3 44. e6 Rexe3 45. Rxc7 Rd3+ 46. Ke5 fxe6 47. dxe6 Rge3+ 48. Kf6 h3 49. Rh7 Kd8 50. Kxg5 Rxb3 51. Kf6 Re2 52. Kf7 Rbe3 53. Kf6 h2 54. Kf7 b6 55. Kf6 a6 56. Rd7+ Kc8 57. Rh7 b5 58. axb5 axb5 59. Ke7 Kc7 60. Kf6+ Kd6 61. Rd7+ Kc6 62. Rh7 b4 63. Kg5 b3 0-1

[Event "SVK-chT1E 2223"]
[Site "Slovakia"]
[Date "2023.01.14"]
[Round "7.3"]
[White "Kleman, Miroslav"]
[Black "Kostelny, Jozef"]
[Result "1/2-1/2"]
[WhiteElo "2206"]
[BlackElo "2118"]
[PlyCount "90"]
[EventDate "2022.10.15"]
[EventType "team-tourn"]
[EventRounds "11"]
[EventCountry "SVK"]
[SourceTitle "EXT 2024"]
[Source "ChessBase"]
[SourceDate "2023.10.10"]
[SourceVersion "1"]
[SourceVersionDate "2023.10.10"]
[SourceQuality "1"]
[WhiteTeam "Dunajov Martin"]
[BlackTeam "Zilina Mladost II"]
[WhiteTeamCountry "SVK"]
[BlackTeamCountry "SVK"]

1. e4 c5 2. Nf3 Nc6 3. b4 cxb4 4. d4 g6 5. a3 bxa3 6. d5 Nb8 7. Qd4 Nf6 8. e5 Bg7 9. Rxa3 Ng8 10. Bb5 Nh6 11. Rxa7 Nf5 12. Qa4 Rxa7 13. Qxa7 Na6 14. 0-0 0-0 15. Re1 Qa5 16. c4 d6 17. Bd2 Qa2 18. Nc3 Qc2 19. Rc1 Qb3 20. g4 Nh6 21. h3 dxe5 22. Bxa6 bxa6 23. Qxe7 e4 24. Ne5 f5 25. Nd7 Qb7 26. Nf6+ Bxf6 27. Qxb7 Bxb7 28. Bxh6 Rc8 29. Ne2 a5 30. d6 a4 31. Be3 Ba6 32. Bd4 Kf7 33. Bb6 a3 34. d7 Rb8 35. c5 a2 36. c6 Rxb6 37. c7 Rb1 38. c8Q a1Q 39. Qc7 Bd8 40. Qxd8 Rxc1+ 41. Kg2 Rd1 42. Qe8+ Kg7 43. Qe7+ Kg8 44. Qe8+ Kg7 45. Qe7+ Kg8 1/2-1/2

[Event "CZE-chT2E 2223"]
[Site "Czech Republic"]
[Date "2022.11.20"]
[Round "3.3"]
[White "Zboril, Tomas"]
[Black "Kleman, Miroslav"]
[Result "1/2-1/2"]
[WhiteElo "2121"]
[BlackElo "2239"]
[PlyCount "122"]
[EventDate "2022.10.16"]
[EventType "team-tourn"]
[EventRounds "11"]
[EventCountry "CZE"]
[SourceTitle "EXT 2024"]
[Source "ChessBase"]
[SourceDate "2023.10.10"]
[SourceVersion "1"]
[SourceVersionDate "2023.10.10"]
[SourceQuality "1"]
[WhiteTeam "Olomouc"]
[BlackTeam "Orechov Orel"]
[WhiteTeamCountry "CZE"]
[BlackTeamCountry "CZE"]

1. e4 e5 2. Nf3 f5 3. exf5 e4 4. Ne5 Nf6 5. d4 d6 6. Nc4 Bxf5 7. Bg5 Be7 8. Be2 Nd5 9. Bxe7 Qxe7 10. Nc3 Nf4 11. Ne3 0-0 12. Ncd5 Nxd5 13. Nxd5 Qf7 14. Ne3 c6 15. 0-0 Bg6 16. f4 exf3 17. Rxf3 Qe7 18. Rxf8+ Kxf8 19. Qd2 Nd7 20. Rf1+ Kg8 21. Bd3 Re8 22. Nf5 Bxf5 23. Bxf5 Nf6 24. Qg5 h6 25. Qg3 Qe3+ 26. Qxe3 Rxe3 27. Kf2 Re7 28. Re1 Rxe1 29. Kxe1 Kf7 30. Bc8 b6 31. Ke2 Ke7 32. Kf3 g5 33. c3 d5 34. Bf5 Kd6 35. g3 c5 36. dxc5+ bxc5 37. Ke3 Ke5 38. Bc8 a5 39. a3 c4 40. Bh3 Ne4 41. Bd7 Nc5 42. Be8 Ne6 43. Ba4 Nf8 44. Be8 Nh7 45. Bd7 Nf6 46. Bc8 Ne8 47. Bd7 Nd6 48. Bg4 Ne4 49. Bd7 Kd6 50. Bf5 Nc5 51. Kd4 Na4 52. Bg6 Nc5 53. Bf7 Nb3+ 54. Ke3 Ke5 55. Bg6 Nc5 56. Be8 Nb7 57. Bc6 Nd6 58. Bd7 Ne4 59. Ba4 Nf6 60. Bd1 h5 61. h4 g4 1/2-1/2

[Event "SVK-chT3B2 2223"]
[Site "Slovakia"]
[Date "2022.10.23"]
[Round "1.1"]
[White "Kleman, Miroslav"]
[Black "Kurtulik, Andrej"]
[Result "1-0"]
[WhiteElo "2221"]
[BlackElo "1790"]
[PlyCount "37"]
[EventDate "2022.10.23"]
[EventType "team-tourn"]
[EventRounds "11"]
[EventCountry "SVK"]
[SourceTitle "EXT 2024"]
[Source "ChessBase"]
[SourceDate "2023.10.10"]
[SourceVersion "1"]
[SourceVersionDate "2023.10.10"]
[SourceQuality "1"]
[WhiteTeam "Chynorany"]
[BlackTeam "Prievidza II"]
[WhiteTeamCountry "SVK"]
[BlackTeamCountry "SVK"]

1. e4 e5 2. f4 exf4 3. Nf3 g5 4. Nc3 Nc6 5. d4 d6 6. g3 Bg4 7. Bb5 Bg7 8. gxf4 gxf4 9. Bxf4 Bxf3 10. Qxf3 Bxd4 11. 0-0-0 Bg7 12. e5 Nge7 13. Rhg1 Kf8 14. exd6 cxd6 15. Bxd6 Qb6 16. Bxc6 Qxc6 17. Qxc6 bxc6 18. Bxe7+ Kxe7 19. Rxg7 1-0

[Event "SVK-chT1W 2122"]
[Site "Slovakia"]
[Date "2021.11.07"]
[Round "2.4"]
[White "Rohacek, Miroslav"]
[Black "Kleman, Miroslav"]
[Result "0-1"]
[WhiteElo "2182"]
[BlackElo "2242"]
[PlyCount "52"]
[EventDate "2021.11.06"]
[EventType "team-tourn"]
[EventRounds "11"]
[EventCountry "SVK"]
[SourceTitle "EXT 2023"]
[Source "ChessBase"]
[SourceDate "2022.10.05"]
[SourceVersion "1"]
[SourceVersionDate "2022.10.05"]
[SourceQuality "1"]
[WhiteTeam "Bratislava KSN"]
[BlackTeam "Topolcany"]
[WhiteTeamCountry "SVK"]
[BlackTeamCountry "SVK"]

1. e4 e5 2. Nf3 d5 3. Nxe5 Bd6 4. d4 dxe4 5. Nc4 Nf6 6. Be2 0-0 7. Nxd6 Qxd6 8. 0-0 Re8 9. c4 Bf5 10. Nc3 Nc6 11. Be3 a6 12. d5 Ne5 13. c5 Qd7 14. Bg5 c6 15. Bxf6 gxf6 16. f4 exf3 17. Bxf3 Rad8 18. Be4 Bg4 19. Qc2 f5 20. Bxf5 Bxf5 21. Rxf5 cxd5 22. Rh5 f6 23. Rf1 Qf7 24. Rhf5 Qc7 25. b4 Ng4 26. R5f4 Qxf4 0-1

[Event "SVK-ch Amateurs"]
[Site "Topolcany"]
[Date "2021.08.09"]
[Round "6"]
[White "Bochnickova, Andrea"]
[Black "Kleman, Miroslav"]
[Result "0-1"]
[WhiteElo "2100"]
[BlackElo "2186"]
[PlyCount "108"]
[EventDate "2021.08.06"]
[EventType "swiss"]
[EventRounds "7"]
[EventCountry "SVK"]
[SourceTitle "EXT 2022"]
[Source "ChessBase"]
[SourceDate "2021.10.06"]
[SourceVersion "1"]
[SourceVersionDate "2021.10.06"]
[SourceQuality "1"]

1. e4 d6 2. d4 Nf6 3. Nc3 e5 4. Nf3 Nbd7 5. Bc4 Be7 6. Qe2 h6 7. Be3 c6 8. a4 Qc7 9. a5 a6 10. 0-0 Ng4 11. dxe5 dxe5 12. Ng5 Bxg5 13. Bxg5 hxg5 14. Qxg4 Qd8 15. Rfd1 Qf6 16. Qg3 Nf8 17. Rd3 Rh4 18. Rad1 Be6 19. Rd6 Ke7 20. Ne2 Rxe4 21. Qa3 Ke8 22. Bd3 Rh4 23. Ng3 Qe7 24. Bf5 g6 25. Bxe6 Nxe6 26. Qe3 Rd4 27. R6xd4 exd4 28. Qe5 f6 29. Qe4 Kf7 30. Ne2 Rd8 31. Rd3 Nf4 32. Qxe7+ Kxe7 33. Nxf4 gxf4 34. Kf1 Ke6 35. Ke2 c5 36. b3 g5 37. Kf3 f5 38. h4 gxh4 39. Kxf4 Rg8 40. Kf3 Kd5 41. Rd1 Rg4 42. Rh1 Re4 43. g3 hxg3 44. fxg3 Ke5 45. Rh7 Re3+ 46. Kf2 Rc3 47. Re7+ Kd5 48. Re2 Kc6 49. Re5 Rxc2+ 50. Kf3 Rc3+ 51. Kf4 Rxb3 52. Rxf5 Rb1 53. g4 Rf1+ 54. Ke5 Rxf5+ 0-1

[Event "SVK-ch Amateurs"]
[Site "Topolcany"]
[Date "2021.08.08"]
[Round "5"]
[White "Kleman, Miroslav"]
[Black "Cajka, Tibor"]
[Result "1/2-1/2"]
[WhiteElo "2186"]
[BlackElo "2118"]
[PlyCount "86"]
[EventDate "2021.08.06"]
[EventType "swiss"]
[EventRounds "7"]
[EventCountry "SVK"]
[SourceTitle "EXT 2022"]
[Source "ChessBase"]
[SourceDate "2021.10.06"]
[SourceVersion "1"]
[SourceVersionDate "2021.10.06"]
[SourceQuality "1"]

1. e4 c5 2. Nf3 Nc6 3. c3 d5 4. d3 e5 5. Nbd2 Nf6 6. a4 Be7 7. Be2 0-0 8. 0-0 h6 9. Re1 Be6 10. a5 Qc7 11. Qa4 Rfd8 12. Bf1 Rab8 13. Qb5 Bd7 14. Qa4 d4 15. Qc2 Rdc8 16. g3 Be6 17. Nc4 b5 18. axb6 axb6 19. Nh4 b5 20. Nd2 Ra8 21. Rb1 Ba2 22. Ra1 Be6 23. Rxa8 Rxa8 24. Nf5 Bf8 25. Nf3 Qb7 26. Bd2 Kh7 27. cxd4 cxd4 28. Rc1 Rc8 29. Qd1 g6 30. N5h4 Nd7 31. Ne1 Nc5 32. f4 Nb3 33. Rc2 Nxd2 34. Rxd2 Qd7 35. f5 gxf5 36. exf5 Bxf5 37. Nxf5 Qxf5 38. Rf2 Qe6 39. Qh5 Qg6 40. Rxf7+ Bg7 41. Qf3 e4 42. Qxe4 Qxe4 43. dxe4 Ne5 1/2-1/2

[Event "SVK-ch Amateur"]
[Site "Topolcany"]
[Date "2020.07.11"]
[Round "3"]
[White "Hasterok, Mateusz"]
[Black "Kleman, Miroslav"]
[Result "1/2-1/2"]
[WhiteElo "2056"]
[BlackElo "2198"]
[PlyCount "73"]
[EventDate "2020.07.10"]
[EventType "swiss"]
[EventRounds "7"]
[EventCountry "SVK"]
[SourceTitle "EXT 2021"]
[Source "ChessBase"]
[SourceDate "2020.10.23"]
[SourceVersion "1"]
[SourceVersionDate "2020.10.23"]
[SourceQuality "1"]

1. d4 d6 2. c4 e5 3. Nc3 Nf6 4. Nf3 Nbd7 5. e4 c6 6. Be2 a6 7. 0-0 b5 8. a3 Be7 9. Qc2 Bb7 10. Rd1 Qb8 11. b4 0-0 12. Bg5 Re8 13. d5 cxd5 14. cxd5 Rc8 15. Rac1 Nb6 16. Qb3 Bd8 17. Bxf6 Bxf6 18. a4 bxa4 19. Nxa4 Bd8 20. Nd2 Rxc1 21. Rxc1 Nxa4 22. Qxa4 Bg5 23. Rc2 Bxd2 24. Rxd2 Qd8 25. Qa5 Kf8 26. Rc2 Qxa5 27. bxa5 Rc8 28. Rxc8+ Bxc8 29. g3 g6 30. f4 f5 31. Kf2 Ke7 32. Ke3 Kf6 33. exf5 Kxf5 34. h3 exf4+ 35. gxf4 h5 36. Bd3+ Kf6 37. h4 1/2-1/2

[Event "SVK-ch Amateur"]
[Site "Topolcany"]
[Date "2020.07.10"]
[Round "2"]
[White "Kleman, Miroslav"]
[Black "Zetocha, Adrian"]
[Result "1-0"]
[WhiteElo "2198"]
[BlackElo "2041"]
[PlyCount "155"]
[EventDate "2020.07.10"]
[EventType "swiss"]
[EventRounds "7"]
[EventCountry "SVK"]
[SourceTitle "EXT 2021"]
[Source "ChessBase"]
[SourceDate "2020.10.23"]
[SourceVersion "1"]
[SourceVersionDate "2020.10.23"]
[SourceQuality "1"]

1. b3 e5 2. e4 Nc6 3. Nf3 Nf6 4. d3 g6 5. Bb2 d6 6. Nbd2 Bg7 7. Be2 0-0 8. d4 Nh5 9. dxe5 Nf4 10. g3 Nxe2 11. Qxe2 dxe5 12. 0-0-0 a5 13. Nc4 Qe8 14. a4 Bg4 15. h3 Bxf3 16. Qxf3 Nd4 17. Qd3 c5 18. Bxd4 cxd4 19. f4 b5 20. axb5 exf4 21. gxf4 Qxb5 22. e5 a4 23. Nb2 Qxd3 24. Nxd3 axb3 25. cxb3 Rfc8+ 26. Kb2 Rc3 27. Nb4 Rf3 28. Rhf1 Rxh3 29. Rxd4 g5 30. Nd5 Rh2+ 31. Kc3 gxf4 32. Nf6+ Kh8 33. Rfxf4 Bh6 34. Rh4 Rc8+ 35. Rc4 Rxc4+ 36. Rxc4 Rh3+ 37. Kc2 Bg5 38. b4 Kg7 39. Ne4 Bf4 40. Nf2 Rf3 41. Nd3 Be3 42. Rg4+ Kf8 43. Kd1 Bb6 44. Ke2 Re3+ 45. Kd2 Rf3 46. Rh4 Kg7 47. Kc3 f6 48. exf6+ Rxf6 49. Kc4 h6 50. Nf4 Kf7 51. Nd5 Re6 52. b5 Bd8 53. Rh5 Ke8 54. Kc5 Kd7 55. Rf5 Kc8 56. Rf8 Kd7 57. Rf7+ Ke8 58. Rh7 Rg6 59. Nc7+ Bxc7 60. Rxc7 Rg1 61. Rh7 Kd8 62. Kb6 Kc8 63. Rh8+ Kd7 64. Rxh6 Rb1 65. Rh5 Kc8 66. Rh7 Rg1 67. Rh8+ Kd7 68. Kb7 Rb1 69. b6 Rb2 70. Rh7+ Kd8 71. Rc7 Rb1 72. Rc5 Kd7 73. Rd5+ Ke6 74. Rd2 Ke7 75. Ka7 Ra1+ 76. Kb8 Rb1 77. b7 Rb3 78. Ra2 1-0

[Event "SVK-chT2B 1920"]
[Site "Slovakia"]
[Date "2020.02.15"]
[Round "8.3"]
[White "Brestak, Jan"]
[Black "Kleman, Miroslav"]
[Result "1/2-1/2"]
[WhiteElo "2114"]
[BlackElo "2211"]
[PlyCount "89"]
[EventDate "2019.10.26"]
[EventType "team-tourn"]
[EventRounds "11"]
[EventCountry "SVK"]
[SourceTitle "CBM 195 Extra"]
[Source "ChessBase"]
[SourceDate "2020.05.31"]
[SourceVersion "1"]
[SourceVersionDate "2020.05.31"]
[SourceQuality "1"]
[WhiteTeam "Nove Zamky"]
[BlackTeam "Topolcany"]
[WhiteTeamCountry "SVK"]
[BlackTeamCountry "SVK"]

1. e4 e5 2. Nf3 f5 3. Nxe5 Qf6 4. d4 d6 5. Nc4 fxe4 6. Nc3 Qg6 7. Nd5 Qf7 8. Nf4 Nf6 9. Be2 Be7 10. c3 0-0 11. Be3 Kh8 12. h4 Nd5 13. g3 Nxf4 14. Bxf4 Be6 15. b3 Nd7 16. Ne3 d5 17. Bh5 g6 18. Bg4 Bd6 19. Bxe6 Qxe6 20. h5 Bxf4 21. gxf4 Rxf4 22. hxg6 Qxg6 23. Nxd5 Rxf2 24. Kxf2 Rf8+ 25. Ke1 Qg3+ 26. Kd2 Rf2+ 27. Kc1 Nf6 28. Qg1 Qf3 29. Qxf2 Qxf2 30. Nxf6 Qxf6 31. Kb2 Qf2+ 32. Ka3 Qf8+ 33. Kb2 Qf2+ 34. Ka3 Qd2 35. Rac1 a5 36. Rhd1 Qh2 37. Re1 b5 38. b4 axb4+ 39. Kxb4 Qxa2 40. Kxb5 Qd5+ 41. Kb4 Qb7+ 42. Kc4 Qc6+ 43. Kb3 Qb5+ 44. Kc2 Qd3+ 45. Kb3 1/2-1/2

[Event "Skalica op"]
[Site "Skalica"]
[Date "2020.01.11"]
[Round "7"]
[White "Abel, Peter"]
[Black "Kleman, Miroslav"]
[Result "1/2-1/2"]
[WhiteElo "2212"]
[BlackElo "2208"]
[PlyCount "183"]
[EventDate "2020.01.11"]
[EventType "swiss"]
[EventRounds "9"]
[EventCountry "SVK"]
[SourceTitle "CBM 194 Extra"]
[Source "ChessBase"]
[SourceDate "2020.03.31"]
[SourceVersion "1"]
[SourceVersionDate "2020.03.31"]
[SourceQuality "1"]

1. c4 e5 2. Nc3 d5 3. cxd5 c6 4. dxc6 Nxc6 5. Nf3 Nf6 6. d3 Bc5 7. g3 e4 8. dxe4 Qxd1+ 9. Nxd1 Nb4 10. Rb1 Nxe4 11. Bg2 Be6 12. Be3 Nc2+ 13. Kf1 Nxe3+ 14. Nxe3 Bxe3 15. fxe3 Bxa2 16. Ra1 Bd5 17. Rd1 0-0-0 18. Nd4 Rhe8 19. Bf3 g6 20. Kg2 Nf6 21. Rc1+ Kb8 22. Rc3 Ng4 23. Nc2 Bxf3+ 24. Kxf3 f5 25. h3 Nf6 26. Ra1 Rc8 27. Raa3 Ne4 28. Rxc8+ Rxc8 29. Nd4 Rc1 30. g4 Nd2+ 31. Kf4 fxg4 32. hxg4 Nc4 33. Rb3 h5 34. gxh5 gxh5 35. Nf3 Rc2 36. e4 Rxe2 37. e5 Rxb2 38. Rc3 Nxe5 39. Nxe5 a5 40. Nd7+ Ka7 41. Rc5 b6 42. Rxh5 a4 43. Rh3 b5 44. Nc5 Kb6 45. Nd3 Rb3 46. Ke4 a3 47. Rh6+ Ka5 48. Rh8 Kb6 49. Kd4 Rb1 50. Ra8 b4 51. Kc4 Kb7 52. Ra4 b3 53. Rxa3 b2 54. Rb3+ Kc7 55. Nxb2 Kd8 56. Rd3+ Kc7 57. Na4 Rc1+ 58. Nc3 Kc6 59. Rg3 Kd6 60. Rg6+ Ke5 61. Rg2 Kd6 62. Rd2+ Ke5 63. Re2+ Kd6 64. Kd4 Ra1 65. Rh2 Rg1 66. Rh6+ Ke7 67. Ke5 Rg5+ 68. Kf4 Ra5 69. Ne4 Kf7 70. Rb6 Ra4 71. Rc6 Rb4 72. Kf5 Rb5+ 73. Nc5 Ke7 74. Ke5 Rb1 75. Rc7+ Kd8 76. Rd7+ Ke8 77. Rh7 Re1+ 78. Ne4 Kf8 79. Ra7 Ke8 80. Kd5 Kd8 81. Nf6 Rd1+ 82. Kc6 Rc1+ 83. Kd6 Rd1+ 84. Nd5 Ke8 85. Rb7 Rd2 86. Ke6 Re2+ 87. Kf6 Rf2+ 88. Ke5 Re2+ 89. Kd6 Rd2 90. Re7+ Kf8 91. Ra7 Ke8 92. Ke5 1/2-1/2

[Event "SVK-chT2B 1920"]
[Site "Slovakia"]
[Date "2019.12.15"]
[Round "6.1"]
[White "Gulbis, Adrian"]
[Black "Kleman, Miroslav"]
[Result "1/2-1/2"]
[WhiteElo "2078"]
[BlackElo "2211"]
[PlyCount "20"]
[EventDate "2019.10.26"]
[EventType "team-tourn"]
[EventRounds "11"]
[EventCountry "SVK"]
[SourceTitle "CBM 194 Extra"]
[Source "ChessBase"]
[SourceDate "2020.03.31"]
[SourceVersion "1"]
[SourceVersionDate "2020.03.31"]
[SourceQuality "1"]
[WhiteTeam "Surany"]
[BlackTeam "Topolcany"]
[WhiteTeamCountry "SVK"]
[BlackTeamCountry "SVK"]

1. e4 e5 2. Nf3 Nf6 3. Nxe5 d6 4. Nf3 Nxe4 5. Qe2 Qe7 6. d3 Nf6 7. Bg5 Qxe2+ 8. Bxe2 Be7 9. Nc3 Nc6 10. 0-0-0 Bd7 1/2-1/2

[Event "SVK-chT2B 1920"]
[Site "Slovakia"]
[Date "2019.10.26"]
[Round "1.3"]
[White "Kleman, Miroslav"]
[Black "Beres, Lukas"]
[Result "1/2-1/2"]
[WhiteElo "2211"]
[BlackElo "2074"]
[PlyCount "41"]
[EventDate "2019.10.26"]
[EventType "team-tourn"]
[EventRounds "11"]
[EventCountry "SVK"]
[SourceTitle "CBM 193 Extra"]
[Source "ChessBase"]
[SourceDate "2020.01.31"]
[SourceVersion "1"]
[SourceVersionDate "2020.01.31"]
[SourceQuality "1"]
[WhiteTeam "Topolcany"]
[BlackTeam "Tlmace"]
[WhiteTeamCountry "SVK"]
[BlackTeamCountry "SVK"]

1. e4 c6 2. d4 d6 3. Nc3 Nd7 4. g3 e5 5. Nge2 Ngf6 6. Bg2 Be7 7. 0-0 Qc7 8. a4 0-0 9. b3 Re8 10. Bb2 Nf8 11. h3 Ne6 12. Qd2 Nh5 13. a5 Bf8 14. a6 Nf6 15. d5 Nc5 16. axb7 Bxb7 17. b4 Ncd7 18. dxc6 Bxc6 19. Rfc1 Nb6 20. Qd3 Red8 21. Ra5 1/2-1/2

[Event "SVK-chT2B 1819"]
[Site "Slovakia"]
[Date "2018.10.13"]
[Round "1.1"]
[White "Nemeth, Eugen"]
[Black "Kleman, Miroslav"]
[Result "1/2-1/2"]
[WhiteElo "1970"]
[BlackElo "2256"]
[PlyCount "93"]
[EventDate "2018.10.13"]
[EventType "team-tourn"]
[EventRounds "11"]
[EventCountry "SVK"]
[SourceTitle "CBM 187 Extra"]
[Source "ChessBase"]
[SourceDate "2018.11.04"]
[SourceVersion "1"]
[SourceVersionDate "2018.11.04"]
[SourceQuality "1"]
[WhiteTeam "Nove Zamky"]
[BlackTeam "Topolcany"]
[WhiteTeamCountry "SVK"]
[BlackTeamCountry "SVK"]

1. c4 e5 2. g3 d5 3. cxd5 c6 4. d6 Nf6 5. Nc3 Bxd6 6. Bg2 0-0 7. Nf3 h6 8. d3 c5 9. 0-0 Nc6 10. Nd2 Be6 11. Nc4 Rc8 12. f4 Bxc4 13. dxc4 exf4 14. gxf4 Bb8 15. e4 Qd4+ 16. Qxd4 cxd4 17. Nd1 Nd7 18. Nf2 Nc5 19. Bd2 a5 20. Rad1 Rfe8 21. e5 Kh8 22. Rfe1 g5 23. Bd5 gxf4 24. Bxf7 Rxe5 25. Bd5 Ne7 26. Rxe5 Bxe5 27. Bf7 Rf8 28. Ng4 Bg7 29. Bh5 Ne4 30. Bxa5 Rf5 31. Bd8 Rxh5 32. Bxe7 Rf5 33. Nf2 Ng5 34. Bxg5 hxg5 35. Ng4 Kh7 36. b4 Kg6 37. Kf2 Rf7 38. a4 Kf5 39. Kf3 Rd7 40. Rd3 Bh8 41. Nh6+ Kg6 42. Ng4 Re7 43. Rd1 Kf5 44. Nh6+ Kg6 45. Ng4 Kf5 46. Nh6+ Kg6 47. Ng4 1/2-1/2

[Event "AUT-chT2O 1819"]
[Site "Austria"]
[Date "2018.10.07"]
[Round "2.3"]
[White "Groetz, Harald"]
[Black "Kleman, Miroslav"]
[Result "1/2-1/2"]
[WhiteElo "2339"]
[BlackElo "2256"]
[PlyCount "66"]
[EventDate "2018.10.06"]
[EventType "team-tourn"]
[EventRounds "11"]
[EventCountry "AUT"]
[SourceTitle "CBM 186 Extra"]
[Source "ChessBase"]
[SourceDate "2018.08.24"]
[SourceVersion "1"]
[SourceVersionDate "2018.08.24"]
[SourceQuality "1"]
[WhiteTeam "Mistelbach/Altlichtenwarth"]
[BlackTeam "Wiener Amateur CC "]
[WhiteTeamCountry "AUT"]
[BlackTeamCountry "AUT"]

1. Nf3 Nf6 2. g3 g6 3. b3 Bg7 4. Bb2 0-0 5. Bg2 b6 6. d4 Bb7 7. c4 d6 8. 0-0 e6 9. Nc3 Qe7 10. Qc2 Nbd7 11. e4 e5 12. Nd5 Nxd5 13. cxd5 Rac8 14. dxe5 Nxe5 15. Nd4 c5 16. dxc6 Nxc6 17. Qd2 Nxd4 18. Bxd4 Bxd4 19. Qxd4 f5 20. exf5 Bxg2 21. Kxg2 Rxf5 22. Rad1 Rc2 23. Rd2 Rxd2 24. Qxd2 Qe4+ 25. Kg1 Qd5 26. Qe2 Re5 27. Qa6 Re7 28. Qc8+ Kg7 29. Qc3+ Qe5 30. Qd3 d5 31. Rd1 Rd7 32. f4 Qf6 33. Qd4 Qxd4+ 1/2-1/2

[Event "SVK-chT2B 1718"]
[Site "Slovakia"]
[Date "2018.02.25"]
[Round "9.1"]
[White "Kleman, Miroslav"]
[Black "Kalisky, Vladimir"]
[Result "1-0"]
[WhiteElo "2258"]
[BlackElo "2202"]
[PlyCount "111"]
[EventDate "2017.10.28"]
[EventType "team-tourn"]
[EventRounds "11"]
[EventCountry "SVK"]
[SourceTitle "EXT 2019"]
[Source "ChessBase"]
[SourceDate "2018.10.10"]
[SourceVersion "1"]
[SourceVersionDate "2018.10.10"]
[SourceQuality "1"]
[WhiteTeam "Topolcany"]
[BlackTeam "Tlmace"]
[WhiteTeamCountry "SVK"]
[BlackTeamCountry "SVK"]

1. e4 e5 2. f4 exf4 3. Nf3 d6 4. d4 g5 5. g3 h6 6. Nc3 c6 7. Bc4 Bh3 8. Rg1 Nd7 9. gxf4 g4 10. Rg3 Nb6 11. Bb3 Qe7 12. Ng1 0-0-0 13. Be3 h5 14. Nxh3 gxh3 15. Qf3 Nf6 16. 0-0-0 Ng4 17. Bg1 f5 18. Rxh3 fxe4 19. Nxe4 d5 20. Rxh5 Rxh5 21. Qxg4+ Nd7 22. Qxh5 Qxe4 23. Rf1 Bd6 24. Qf3 Qxf3 25. Rxf3 Rg8 26. Bf2 Rg2 27. Bg3 Nf6 28. Kd1 Ng4 29. h3 Nf6 30. Be1 b5 31. f5 Kd7 32. Bh4 Ne4 33. f6 Bf8 34. f7 Nd6 35. Bg3 Ne4 36. Bh4 Nd6 37. a4 a6 38. Be1 Ne4 39. Rf5 Ke6 40. Re5+ Kf6 41. Re8 Kg7 42. axb5 axb5 43. h4 Rh2 44. Rc8 Kxf7 45. Rxc6 Nf6 46. Rb6 b4 47. Bxb4 Bxb4 48. Rxb4 Rxh4 49. c3 Rh5 50. Kc2 Ke7 51. Rb6 Ne4 52. Kb1 Kd7 53. Ka2 Nd6 54. Ra6 Kc7 55. Ra5 Kc6 56. Rc5+ 1-0

[Event "SVK-chT2B 1718"]
[Site "Slovakia"]
[Date "2018.02.04"]
[Round "7.2"]
[White "Grilus, Marian"]
[Black "Kleman, Miroslav"]
[Result "0-1"]
[WhiteElo "1938"]
[BlackElo "2258"]
[PlyCount "67"]
[EventDate "2017.10.28"]
[EventType "team-tourn"]
[EventRounds "11"]
[EventCountry "SVK"]
[SourceTitle "EXT 2019"]
[Source "ChessBase"]
[SourceDate "2018.10.10"]
[SourceVersion "1"]
[SourceVersionDate "2018.10.10"]
[SourceQuality "1"]
[WhiteTeam "Nove Zamky"]
[BlackTeam "Topolcany"]
[WhiteTeamCountry "SVK"]
[BlackTeamCountry "SVK"]

1. d4 Nf6 2. c4 d6 3. Nc3 e5 4. dxe5 dxe5 5. Qxd8+ Kxd8 6. Bg5 Be6 7. 0-0-0+ Kc8 8. e3 Nfd7 9. Nf3 f6 10. Bh4 a5 11. Be2 c6 12. Na4 Kc7 13. Ne1 Na6 14. Nc2 Nac5 15. Nc3 a4 16. e4 Nb6 17. Ne3 Be7 18. f3 Bf7 19. Bf2 g6 20. g3 Rhe8 21. Rd2 Ne6 22. Nc2 Red8 23. Rhd1 Rxd2 24. Rxd2 Nc5 25. Ne3 Bf8 26. Ng4 Nbd7 27. Kc2 h5 28. Ne3 Ne6 29. Ng2 b6 30. Be3 Bc5 31. Bxc5 bxc5 32. b3 axb3+ 33. axb3 Nd4+ 34. Kc1 0-1